000 00645cam a2200193 a 4500
001 1670864
005 20260112052041.0
008 980528s1999 nju b 001 0 eng
020 _a9780691004440
050 0 0 _aHG3881
_b.S5568 1999
082 _a332.042 SOL
100 1 _aSolomon, Robert
245 1 0 _aMoney on the move :
_bthe revolution in international finance since 1980 /
_cRobert Solomon.
260 _aPrinceton :
_bPrinceton University Press,
_c1999.
300 _axiii, 210 p. ;
_c24 cm.
650 0 _aInternational finance.
856 4 1 _3Table of contents
_uhttp://www.loc.gov/catdir/toc/prin032/98026714.html
942 _2ddc
_cBK
999 _c111704
_d111704